000 01335nam a2200397 i 4500
001 56512
003 KOSZ 005
005 20221215133444.0
008 090216s2008 pl a |000 0 pol
015 _aPB 4998/2009
020 _a9788373953178
040 _cWA N
_aWA N
_dKOSZ 005/HR
041 _apol
046 _k2008
080 _a658.1/.5
080 _a005.51
100 1 _aBlaik, Piotr
_d(1942- )
_eAutor
245 1 0 _aLogistyczny łańcuch tworzenia wartości /
_cPiotr Blaik, Rafał Matwiejczuk ; Uniwersytet Opolski.
260 _aOpole :
_bWydawnictwo Uniwersytetu Opolskiego,
_c2008.
300 _a211 s. :
_bil. ;
_c24 cm.
336 _2rdacontent
_aTekst
_btxt
337 _2rdamedia
_aBez urządzenia pośredniczącego
_bn
338 _2rdacarrier
_aWolumin
_bnc
380 _aKsiążki
388 _a2001-
504 _aBibliogr. s. 205-211.
650 4 _aLogistyka gospodarcza
650 4 _aOrganizacja
650 4 _aPrzedsiębiorstwo
658 _aTransport i logistyka
658 _aZarządzanie i marketing
700 1 _aMatwiejczuk, Rafał
_d(1973- )
_eAutor
710 2 _aWydawnictwo Uniwersytetu Opolskiego
_4pbl
856 _uhttp://koha.tu.koszalin.pl/cgi-bin/koha/opac-detail.pl?biblionumber=56512
_yKatalog online BPK
942 _cKS
_2UKD
999 _c56512
_d56512